000 00645nam a2200193Ia 4500
005 20250507130157.0
008 008 250505s9999 xx 000 0 eng d
037 _aSeries Article
040 _aEASL
_beng
_cEASL
041 _aeng
_2eng
084 _qEASL
245 0 _aFunctional relationship : Political extensions to Europe-Taiwan economic ties Francoise Mengin
260 _aUK
_bLondon School of Oriental & African Studies UK
_c2002
300 _a136-153
546 _aSpecial Issue on China and Europe since 1978 : A European perspective.
650 _aChina and Europe
942 _cSRA
999 _c1318131
_d1318131